Графиня Козел (Запис номер 478048)
[ съкратено ]
| 000 -Лидер | |
|---|---|
| Контролно поле с фиксирана дължина | nam a22 a 4500 |
| 003 - Код на организацията, давaща контролен номер | |
| Контролно поле | BLK |
| 005 - Дата и час на последна редакция | |
| Контролно поле | 20230111184842.0 |
| 008 - Елементи от данни с фиксирана дължина | |
| fixed length control field | 221101b bu |||||r|||| 00| | bu d |
| 040 ## - Източник на каталожния запис | |
| Идентификатор на билиотеката - собственик на записа | BLK |
| 041 ## - Код за език | |
| Код за езика на текст/звукозапис или на отделно заглавие | Български |
| Код за езика КДБФ | Български |
| 080 ## - УДК | |
| Текстов определител УДК | Полска литература |
| УДК код - определител по УДК | 821.162.1 |
| УДК определител | -31 |
| УДК - код + определител | 821.162.1-31 |
| 100 ## - Редна дума - Автор | |
| R(LIN) | 286822 |
| Автор | Крашевски, Юзеф Игнаци |
| Авторска отговорност | първи автор |
| 139 ## - Редно поле | |
| Редна дума | Крашевски, Юзеф Игнаци |
| 245 ## - Сведения за заглавието | |
| Заглавие | Графиня Козел |
| Подзаглавни данни | Роман |
| Редно поле (дума) | Юзеф И. Крашевски ; прев. от пол. Димитър Икономов |
| 250 ## - Област на изданието | |
| Сведения за изданието | 2. изд |
| 260 ## - Област на издателските данни | |
| 9 (RLIN) | 209547 |
| Място на издаване, разпространение и проч. | София |
| Име на издателя, разпространителя и проч. | Нар. култура |
| Година на издаване | 1975 |
| 300 ## - Физическа характеристика | |
| Страници | 375 с. |
| Размери/Мащаб | 21 см |
| 380 ## - Жанр | |
| Жанр | Худож. лит. |
| 500 ## - Общи забележки | |
| Забележка | Ориг. загл. Hrabina Cosel<br/>1. изд. 1973 |
| 700 ## - Други автори (авторска отговорност) | |
| Лично име | Икономов, Димитър Димитров |
| 9 (RLIN) | 273708 |
| 852 ## - Местоположение | |
| Форматна сигнатура | Цб 78601 |
| Фондова буква | Хранилище |
| 856 ## - Електронен адрес и достъп | |
| Инструкция (цена за достъп) | 0.00 |
| Права за достъп | disable |
| 999 ## - СИСТЕМНИ КОНТРОЛНИ НОМЕРА | |
| Koha biblionumber | 478048 |
| Koha biblioitemnumber | 478048 |
| 942 ## - АРТИКУЛИ | |
| Вид на библиотечния материал | Книги |
| Скрит в OPAC | Не |
| Периодичен библиозапис | Да |
| 944 ## - СЪЗДАВАНЕ И РЕДАКЦИЯ на ЗАПИСА | |
| Създаване/Редакция | Създаване |
| Дата на регистрацията/редакция | 2022-11-01 |
| Служител, извършил регистрацията/редакцията | Микаела Микова-Илиева |
| Статус, дата на статуса | 2022-11-01 |
| Код за отписване | Код за изгубен артикул | Източник на класификационната схема | Код за повреда | Коз за рестрикции | Код за отдаване | Артикулен № | Име на библиотеката - собственик | Име на библиотеката, в която се намира в момента | Статус (Текущо местоположение) | Дата на вписване в системата | Местоположение - отдел | Цена в лева | Инвентарен номер | Систематично азбучна сигнатура | Баркод | Цена в евро | Служебен тип на артикула |
|---|---|---|---|---|---|---|---|---|---|---|---|---|---|---|---|---|---|
| Не е изгубен | Universal Decimal Classification | Не е повреден | само за читалня | ползва се в читалня | 911500 | Регионална библиотека "Любен Каравелов" Русе | Регионална библиотека "Любен Каравелов" Русе | Хранилище | 2022-11-08 | Хранилище | 1.51 | 195986 | Цб 78601 | 120000195986 | 0.77 | Книги |